000
00199 a2200097 4500
001
13961
100
_a
245
_a
14 Great plays
260
_a
London
_b
Heinemann Octopus
_c
090
_c
10924
_d
10924
942
_a
NUST-CAE
_c
M
_c
1030
999
_c
249034
_d
249034